[Event "GER-chT U16"]
[Site "Lingen"]
[Date "2013.12.27"]
[Round "2.2"]
[White "Nothnagel, Marian Can"]
[Black "Wasielewski, Kim Luca"]
[Result "1-0"]
[WhiteElo "1913"]
[BlackElo "1555"]
[PlyCount "81"]
[EventDate "2013.12.27"]
[EventType "team-swiss"]
[EventRounds "7"]
[EventCountry "GER"]
[SourceTitle "EXT 2015"]
[Source "ChessBase"]
[SourceDate "2014.11.20"]
[SourceVersion "1"]
[SourceVersionDate "2014.11.20"]
[SourceQuality "1"]
[WhiteTeam "Darmstadt"]
[BlackTeam "Heilbronn"]
[WhiteTeamCountry "GER"]
[BlackTeamCountry "GER"]

1. e4 c6 2. d4 d5 3. exd5 cxd5 4. c3 Nc6 5. Bf4 Nf6 6. Bd3 Qb6 7. Qc2 Bg4 8. Nd2 e6 9. Ngf3 Be7 10. 0-0 Bh5 11. Rac1 Bg6 12. b3 Rc8 13. Bxg6 hxg6 14. Qb2 0-0 15. a4 Rfd8 16. b4 Bd6 17. Bxd6 Rxd6 18. Rb1 Ne7 19. Rfc1 Nf5 20. c4 Qd8 21. c5 Rdc6 22. b5 R6c7 23. a5 Nd7 24. b6 axb6 25. axb6 Rc6 26. Nb3 Rb8 27. Ra1 Ne7 28. Ra4 Rcc8 29. Rca1 Nf6 30. Ne5 Nd7 31. Nd3 Kf8 32. Nb4 Nf6 33. Ra7 Qd7 34. Qa3 Nc6 35. Nxc6 Qxc6 36. Na5 Qd7 37. c6+ Qe7 38. Qxe7+ Kxe7 39. Rxb7+ Ke8 40. Rxb8 Rxb8 41. c7 1-0

[Event "Stuttgart-chC int"]
[Site "Ditzingen"]
[Date "2013.05.10"]
[Round "4"]
[White "Reichmann, Bernd"]
[Black "Wasielewski, Kim Luca"]
[Result "0-1"]
[WhiteElo "1137"]
[BlackElo "1420"]
[PlyCount "90"]
[EventDate "2013.05.09"]
[EventType "swiss"]
[EventRounds "7"]
[EventCountry "GER"]
[SourceTitle "EXT 2014"]
[Source "ChessBase"]
[SourceDate "2013.11.20"]
[SourceVersion "1"]
[SourceVersionDate "2013.11.20"]
[SourceQuality "1"]

1. e4 c6 2. Nf3 d5 3. exd5 cxd5 4. d4 Nc6 5. Nc3 Bf5 6. Bb5 a6 7. Bxc6+ bxc6 8. h3 e6 9. a3 c5 10. Bf4 Nf6 11. Nh4 Bg6 12. Nxg6 hxg6 13. Bg5 Qb6 14. dxc5 Bxc5 15. 0-0 Qxb2 16. Bxf6 gxf6 17. Na4 Qb5 18. Nxc5 Qxc5 19. Qd3 0-0 20. Rfb1 Rfc8 21. Ra2 e5 22. Rd1 d4 23. a4 Qc4 24. Qxc4 Rxc4 25. f3 Rac8 26. Rd2 R8c5 27. a5 Rb4 28. Rd3 Kf8 29. Kf2 Rcb5 30. Ke2 Rb2 31. Rxb2 Rxb2 32. Kd1 Rb1+ 33. Ke2 Ra1 34. Rb3 Rxa5 35. Rb1 Ra3 36. g4 Re3+ 37. Kf2 Rc3 38. Rb2 a5 39. h4 a4 40. h5 Kg7 41. Ra2 a3 42. Kg3 Kh6 43. hxg6 fxg6 44. Kg2 Kg5 45. Kg3 f5 0-1

[Event "Stuttgart-chC int"]
[Site "Ditzingen"]
[Date "2013.05.10"]
[Round "3"]
[White "Wasielewski, Kim Luca"]
[Black "Walliser, Pascal"]
[Result "1/2-1/2"]
[WhiteElo "1420"]
[BlackElo "1157"]
[PlyCount "56"]
[EventDate "2013.05.09"]
[EventType "swiss"]
[EventRounds "7"]
[EventCountry "GER"]
[SourceTitle "EXT 2014"]
[Source "ChessBase"]
[SourceDate "2013.11.20"]
[SourceVersion "1"]
[SourceVersionDate "2013.11.20"]
[SourceQuality "1"]

1. e4 e5 2. Nf3 Nc6 3. Bc4 Bc5 4. b4 Bb6 5. a4 a5 6. b5 Nd4 7. 0-0 d6 8. c3 Nxf3+ 9. Qxf3 Nf6 10. Re1 0-0 11. h3 Be6 12. Qe2 Re8 13. Na3 d5 14. exd5 Bxd5 15. Qd1 Ne4 16. d4 exd4 17. cxd4 Bxc4 18. Nxc4 Bxd4 19. Be3 Bxa1 20. Qxa1 Qf6 21. Bd4 Qh6 22. Ne5 Nd6 23. Be3 Qf6 24. Bd4 Nf5 25. Bc3 Qd6 26. Qa2 Qe6 27. Qc2 Rad8 28. Nc6 Qd5 1/2-1/2